00265nam a2200097Ia 4500008004100000020001500041100000900056245004900065260003900114300001400153180205s9999 xx 000 0 und d a9718855017 aZeus aMga alamat pabula at maraming pang kuwento / aMakati CitybZeus publishingc1996 a111 pages